000 00246nam a2200109Ia 4500
005 20251222144721.0
008 251222s9999||||xx |||||||||||||| ||spa||
082 _a352.8/C76/Ej.2
245 0 _aMemoria
264 _bEUROSAI - OLACEFS
942 _cLIB
999 _c18209
_d18209